Chuyên đề bồi dưỡng giáo viên trung học phổ thông môn lịch sử
Mặt trận Dân tộc thống nhất trong cách mạng Việt Nam (1930-1975); Quan hệ giữa phương Tây với các quốc gia Đông Nam Á từ thế kỉ XVI đến thế kỉ XIX; Ứng dụng CNTT trong dạy học lịch sử ở trướng THPT...
Αποθηκεύτηκε σε:
| Συλλογικό Έργο: | , |
|---|---|
| Άλλοι συγγραφείς: | , , , , |
| Μορφή: | Βιβλίο |
| Γλώσσα: | Vietnamese |
| Έκδοση: |
Hà Nội
Văn hóa thông tin
2013
|
| Σειρά: | Sách Dự án phát triển giáo viên THPT & TCCN
|
| Θέματα: | |
| Ετικέτες: |
Προσθήκη ετικέτας
Δεν υπάρχουν, Καταχωρήστε ετικέτα πρώτοι!
|
| Thư viện lưu trữ: | Mạng thư viện Đại học Đà Nẵng |
|---|
| LEADER | 01917nam a2200421 4500 | ||
|---|---|---|---|
| 001 | 000018294 | ||
| 003 | 14723 | ||
| 005 | 20131008101027.0 | ||
| 008 | 131008s2013 viesd | ||
| 041 | 0 | |a vie | |
| 082 | 1 | 4 | |a 959.700712 |b BÔG |
| 110 | 1 | |a Bộ Giáo dục và đào tạo | |
| 245 | 1 | 0 | |a Chuyên đề bồi dưỡng giáo viên trung học phổ thông môn lịch sử |c Bộ Giáo dục và Đào tạo, Ngân hàng phát triển Châu Á ; Nguyễn Văn Hoa, ... biên soạn |
| 260 | |a Hà Nội |b Văn hóa thông tin |c 2013 | ||
| 300 | |a 170 tr. |c 27 cm. | ||
| 490 | |a Sách Dự án phát triển giáo viên THPT & TCCN | ||
| 500 | |a Sách Dự án phát triển giáo viên THPT & TCCN - trường Đại học Sư phạm, Đại học Huế. | ||
| 520 | 3 | |a Mặt trận Dân tộc thống nhất trong cách mạng Việt Nam (1930-1975); Quan hệ giữa phương Tây với các quốc gia Đông Nam Á từ thế kỉ XVI đến thế kỉ XIX; Ứng dụng CNTT trong dạy học lịch sử ở trướng THPT... | |
| 650 | 0 | 4 | |a Lịch sử |x Dạy và học |
| 650 | 0 | 4 | |a Lịch sử |x Giáo dục trung học |
| 653 | |a Lịch sử | ||
| 653 | |a Giáo viên trung học phổ thông | ||
| 700 | 1 | |a Nguyễn Văn Hoa | |
| 700 | 1 | |a Đặng Văn Hồ | |
| 700 | 1 | |a Nguyễn Ngọc Hương | |
| 700 | 1 | |a Đặng Văn Chương | |
| 700 | 1 | |a Nguyễn Thành Nhân | |
| 710 | 1 | |a Ngân hàng phát triển Châu Á | |
| OWN | |a LSP | ||
| AVA | |a UDN50 |b LSP |d 959.700712 BÔG |e check_holdings |t Error 5003 Not defined in file expand_doc_bib_avail. |h N |k 1 | ||
| 999 | |a From the UDN01 | ||
| AVA | |a UDN50 |b LSP |d 959.700712 BÔG |e available |t Error 5001 Not defined in file expand_doc_bib_avail. |f 45 |g 20 |h N |i 11 |k 1 | ||
| TYP | |a Monograph | ||
| TYP | |a Printed language | ||
| 980 | |a Mạng thư viện Đại học Đà Nẵng | ||